| 000 | 00000nam##2200000za#4500 |
| 001 | 9.676725 |
| 003 | CaOODSP |
| 005 | 20241203113636 |
| 007 | cr ||||||||||| |
| 008 | 150407|1995||||xxc|||||o f|0| 0 eng|d |
| 040 | |aCaOODSP|beng |
| 041 | |aeng |
| 041 | |afre |
| 041 | |aspa |
| 043 | |an-cn--- |
| 086 | 1 |aEn40-428/1-1995-PDF |
| 110 | 1 |aCanada. |bEnvironment Canada. |
| 245 | 10|aCITES identification guide - crocodilians : |h[electronic resource]|bguide to the identification of crocodilian species controlled under the Convention on International Trade in Endangered Species of Wild Fauna and Flora |
| 246 | 1 |aGuía de identificación de CITES – cocodrilos : guía de identificación de los cocodrilos protegidos por la Convención sobre el Comercio Internacional de Especies Amenazadas de Fauna y Flora Silvestres |
| 260 | |aOttawa - Ontario : |bEnvironment Canada |cc1995. |
| 300 | |a148p.|bfigs. (some coloured), glossary, maps, tables, photographs, index |
| 500 | |a"A project of Environment Canada." The catalogue number (En40-428/1-1995) and ISBN (0-662-61957-9) for the trilingual print edition have been copied in this electronic publication. |
| 546 | |aText in English, French, and Spanish. |
| 590 | |a14-21-Supp|b2014-12-11 |
| 690 | 07|aEndangered species|2gcpds |
| 690 | 07|aReptiles|2gcpds |
| 792 | |tGuide d'identification CITES - crocodiliens : |efre|w(CaOODSP)9.676726 |
| 856 | 40|ahttp://publications.gc.ca|qPDF|s9.68 MB|uhttps://publications.gc.ca/collections/collection_2014/ec/En40-428-1-1995.pdf |